[Event "Haninge"]
[Site "Haninge"]
[Date "1989.??.??"]
[Round "?"]
[White "Hellers, Ferdinand"]
[Black "Sokolov, Ivan"]
[Result "0-1"]
[WhiteElo "2565"]
[BlackElo "2580"]
[Annotator "ChessBase"]
[PlyCount "60"]
[EventDate "1989.??.??"]
[EventType "tourn"]
[EventRounds "11"]
[EventCountry "SWE"]
[EventCategory "13"]
[SourceTitle "CBM 013"]
[Source "ChessBase"]
[SourceDate "1989.12.01"]
[SourceVersion "1"]
[SourceVersionDate "1989.12.01"]
[SourceQuality "1"]

1. e4 e5 2. Nf3 Nc6 3. Bb5 a6 4. Ba4 Nf6 5. O-O Be7 6. Re1 b5 7. Bb3 O-O 8. c3
d5 9. exd5 Nxd5 10. Nxe5 Nxe5 11. Rxe5 c6 12. d4 Bd6 13. Re1 Qh4 14. g3 Qh3 15.
Be3 Bg4 16. Qd3 Rae8 17. Nd2 Re6 18. a4 Qh5 $5 {An old move, but Sokolov has
brought it some new twists.} 19. axb5 axb5 20. Bd1 $2 (20. Nf1 $5 Rfe8 21. Bd1
Bxd1 22. Qxd1 Qf5 23. Bd2 c5 $13) (20. Qf1 Bh3 $1 (20... Rfe8 21. Bxd5 Qxd5 22.
Qg2 Qh5 {Encyclopedia} 23. f3 $5 {+/=/+/- in my opinion.}) 21. Qe2 Qf5 22. Bd1
{+/- Encyclopedia} c5 $1 $13 23. Nf1 cxd4 24. cxd4 Nb4 25. Ra3 Nc6 26. Rd3 Bb4
27. d5 Rd6 28. Bd2 Rxd5 29. Bxb4 Nxb4 30. Rf3 Qd7 31. Bb3 Bg4 32. Bxd5 Qxd5 33.
Ne3 Qxf3 {33.0-0 Sax-Sokolov, Haninge 1989}) 20... Bxd1 21. Raxd1 f5 22. Nf1 (
22. f4 $4 {The normal reaction to f5. But a blunder here.} Nxe3 23. Rxe3 Qxd1+
$19) 22... f4 23. Bc1 Ref6 24. Qe4 Kh8 25. Qd3 h6 {Black has complete control
- White is doomed.} 26. b3 b4 27. cxb4 fxg3 28. fxg3 Bxb4 29. Nd2 Rf2 30. h4
Nc3 0-1

[Event "Elenite"]
[Site "Elenite"]
[Date "1992.??.??"]
[Round "1"]
[White "Kotronias, Vasilios"]
[Black "Sokolov, Ivan"]
[Result "0-1"]
[WhiteElo "2550"]
[BlackElo "2625"]
[Annotator "ChessBase"]
[PlyCount "112"]
[EventDate "1992.??.??"]
[EventType "tourn"]
[EventRounds "11"]
[EventCountry "BUL"]
[EventCategory "12"]
[SourceTitle "CBM 032"]
[Source "ChessBase"]
[SourceDate "1993.02.01"]
[SourceVersion "1"]
[SourceVersionDate "1993.02.01"]
[SourceQuality "1"]

1. e4 e5 2. Nf3 Nc6 3. Bb5 a6 4. Ba4 Nf6 5. O-O Be7 6. Re1 b5 7. Bb3 O-O 8. c3
d5 9. exd5 Nxd5 10. Nxe5 Nxe5 11. Rxe5 c6 12. d4 Bd6 13. Re2 (13. Re1 Qh4 14.
g3 Qh3 15. Be3 Be6 $5 $146 16. Nd2 Rae8 17. Qf3 f5 18. Bf4 Bxf4 19. gxf4 Qh6
20. Nf1 Nxf4 21. Bxe6+ {Frolov,A-Yurtaev,L/Helsinki op/1992/} Nxe6 22. Qxc6
Nxd4 23. Qxh6 Nf3+ 24. Kh1 gxh6 $10) 13... Bg4 14. f3 Bf5 15. Bxd5 cxd5 16. Nd2
Bd3 (16... b4 17. Nf1 bxc3 18. bxc3 Qc7 19. Re3 Rfc8 20. Bd2 Bg6 $13 {
Todorovic,G-Pavlovic,M/Vrnjacka Banja/1990/}) 17. Rf2 (17. Re3 Qh4 18. f4 Bf5
$44) 17... b4 $5 $146 (17... Qc7 18. g3 Rae8 19. Nf1 Bg6 20. Ne3 Qd7 21. Nxd5
Bxg3 22. Nf6+ gxf6 23. hxg3 $16 {Georgiev,Kir-Nikolic,Pr/Wijk aan Zee/1988/})
18. cxb4 (18. Nf1 $2 Bxf1 19. Qxf1 Qc7 20. g3 bxc3) 18... Qc7 19. Nf1 $6 (19.
g3 Bc2 20. Qf1 f5 21. Nb3 Bxb3 22. axb3 f4 23. Bxf4 Bxf4 24. gxf4 Qxf4 25. Qd3
Rfe8 $44) 19... Bxf1 20. Kxf1 Bxh2 21. Rc2 Qb6 22. Qd3 Qf6 23. Be3 Bg3 24. Ke2
(24. Rac1 Qh4 25. Bg1 (25. Qf5 Qh1+ 26. Bg1 Bh2 27. Kf2 Bxg1+ 28. Rxg1 Qh4+)
25... Qh1 $40) 24... Rfe8 25. Rh1 h6 26. Kd1 Re6 27. Bd2 Rae8 28. Rc5 $2 (28.
Kc1) 28... Re2 29. Qxe2 Rxe2 30. Kxe2 Qxd4 31. Rf1 Qe5+ $1 32. Kd1 Qxb2 33.
Rxd5 Qxa2 34. Rd3 Qa1+ 35. Ke2 Qe5+ 36. Re3 Qh5 37. Be1 (37. Rg1 f5 $19) 37...
Bf4 38. Re4 Qb5+ 39. Kf2 Bg3+ 40. Kg1 Bh2+ 41. Kxh2 (41. Kf2 f5 $1 42. Re6 Kf7
43. Re3 f4 44. Re4 Bg3+ 45. Kg1 Qh5 $19) 41... Qxf1 $19 42. Re8+ Kh7 43. Bg3
Qb5 44. Rb8 Qc4 45. Rb6 h5 46. Kh3 Qc8+ 47. Kh2 h4 48. Bd6 Qc4 49. Bb8 f6 50.
Bd6 g5 51. Bb8 f5 52. Be5 g4 53. Rb7+ Kg6 54. Rg7+ Kh6 55. Rc7 Qxb4 56. f4 Qe1
0-1

[Event "EU-ch 6th"]
[Site "Warsaw"]
[Date "2005.06.21"]
[Round "4"]
[White "Alekseev, Evgeny V"]
[Black "Aronian, Levon"]
[Result "1/2-1/2"]
[WhiteElo "2597"]
[BlackElo "2693"]
[Annotator "Erenburg,S"]
[PlyCount "75"]
[EventDate "2005.06.18"]
[EventType "swiss"]
[EventRounds "13"]
[EventCountry "POL"]
[SourceTitle "CBM 108"]
[Source "ChessBase"]
[SourceDate "2005.09.26"]
[SourceVersion "1"]
[SourceVersionDate "2005.09.26"]
[SourceQuality "1"]

1. e4 e5 2. Nf3 Nc6 3. Bb5 a6 4. Ba4 Nf6 5. O-O Be7 6. Re1 b5 7. Bb3 O-O 8. c3
d5 9. exd5 Nxd5 10. Nxe5 Nxe5 11. Rxe5 c6 12. d4 {Nowadays 12.d3 is more
popular. Other theoretical lines are:} (12. Re1 Bd6 13. g3 Bf5 14. d4 Qd7 15.
Be3 Rae8 {0-1 Leko,P-Anand,V/Cap d'Agde 2003/CBM 098/[Atlas,V] (45)}) (12. d3
Bd6 13. Re1 {0-1 Polgar,J-Adams,M/Dos Hermanas 1999/CBM 071/[Stohl] (45)})
12... Bd6 13. Re1 {Another possibility is:} (13. Re2 Qh4 14. g3 Qh5 15. Nd2 Bh3
16. f3 Bc7 17. a4 b4 18. c4 {0-1 Short,N-Nunn,J/Brussels 1986/CBM 001/[Nunn,J]
(39)}) 13... Qh4 14. g3 Qh3 15. Be3 Bg4 ({The alternative line is} 15... Re8 {
1-0 Anand,V-Kamsky,G/Sanghi Nagar 1994/CBM 042/[Anand] (60)}) 16. Qd3 Rae8 17.
Nd2 {completing the development, and, at the same time, covering the f3 square.
} Re6 18. Bg5 $146 {Very rare continuation. The idea of this move is to open
the third rank for the queen and the "e" file for the rook. The main line is} (
18. a4 Qh5 $1 19. axb5 axb5 20. Ne4 Bc7 (20... Bf5 $1 21. Bd2 Rxe4 22. Rxe4 Nf6
23. f3 Qg6 $1 {[%cal Rf6e4,Rd6g3]} 24. Qf1 Nxe4 25. fxe4 Bxe4 $11 {1/2,Svidler,
P-Kamsky,G/Groningen/1995/ (31)}) 21. Bd2 Rfe8 {1/2-1/2 Anand,V-Kamsky,G/
Sanghi Nagar 1994/CBM 042/[Anand] (43)}) 18... Rfe8 $1 (18... Rg6 19. Ne4 Bf5
20. Bd2 $14) 19. Rxe6 Rxe6 20. Ne4 $8 ({Logical} 20. a4 {leads to lost
position:} Be2 $1 (20... Re2 {[%cal Ye2f2,Gh3h2]} 21. Bxd5 cxd5 22. Nf3 Re8 (
22... Rxb2 23. Bc1 $16) 23. Re1 Rxe1+ 24. Nxe1 Bd7 $14) (20... h6 21. Bxd5 (21.
Be3 Bxg3 22. hxg3 Nxe3 23. fxe3 Qxg3+ $19) 21... cxd5 22. Be3 Bf5 23. Qe2 Bg4
24. Qf1 $14) 21. Qc2 h6 22. Bxd5 (22. Bd8 Nf4 $19) 22... cxd5 23. Be3 Re4 $3
$19 {[%cal Ye4h4]}) 20... Bf5 21. f3 (21. Re1 {is met by} Qg4 $17) 21... Bxg3
$1 ({Worse is} 21... Rg6 22. Qf1 Qxf1+ 23. Kxf1 Bxe4 24. fxe4 Rxg5 25. exd5
cxd5 26. a4 b4 27. cxb4 Bxb4 28. Rc1 $14) 22. hxg3 Bxe4 23. fxe4 Rg6 24. Qf3 {
preparing Kf2 with following Rh1. Other moves are worse:} (24. Qf1 Qxg3+ 25.
Qg2 Qxg5 26. Qxg5 Rxg5+ $15) (24. Bxd5 Rxg5 25. Bxf7+ Kh8 $1 $19) (24. exd5
Rxg5 25. Kf2 Qh2+ $19) 24... Rxg5 25. Kf2 Nf6 $1 {transfering the knight to g4.
} (25... Rg6 26. Rh1 Qd7 27. Kg2 $14) (25... Qh2+ 26. Qg2 $16) 26. Rg1 {
[%cal Gf2e2]} (26. Rh1 Qxg3+ $17) (26. Re1 h5 $36) 26... Qh2+ 27. Rg2 Qh1 28.
e5 {White has no other useful moves:} (28. Rg1 Nxe4+ $17) (28. Bd1 h5 $17 {
[%cal Yh5h4]}) (28. Ke2 Qb1 29. Qf4 h6 $17) 28... Ng4+ {Interesting, that this
position has been played in the game (Zimmerman,B-Schwetlick,T/GER-chT corr
1997) and here the opponents agreed for a draw... But, Aronian decides to play
on.} 29. Ke2 {[%tqu "En","Please find the best move for black.","","","g5f5",
"",10]} Rf5 $1 30. Qxf5 ({White cannot play} 30. Qxc6 {in view of} g6 $3 $19 {
[%cal Gf5f2]} (30... Rf2+ $6 31. Rxf2 (31. Kd3 Qb1+ 32. Bc2 Qxc2#) 31... Qxc6
32. Rxf7 Qe4+ 33. Kd2 Qe3+ 34. Kd1 Qd3+ $11)) 30... Qxg2+ 31. Ke1 Qg1+ 32. Ke2
(32. Kd2 {loses on the spot:} Qe3+ 33. Kc2 Qe2+ 34. Kc1 Qe1+ 35. Bd1 Qxd1+ $19)
32... Qg2+ (32... Qe3+ {isn't better, than the move in the game:} 33. Kf1 Qc1+
34. Ke2 Qxb2+ $2 (34... Qe3+ $11) 35. Kf3 Nh2+ 36. Ke3 Qxc3+ 37. Kf2 Qd2+ 38.
Kg1 Nf3+ 39. Qxf3 Qxd4+ 40. Kf1 $14) 33. Ke1 Qxg3+ 34. Ke2 Qe3+ 35. Kf1 (35.
Kd1 Nf2+ 36. Kc2 Qe2+ 37. Kc1 Qe1+ 38. Kc2 Qd1#) 35... Qc1+ {Black decided to
force a draw, while, in my opinion, Levon could go for the following variation
without any risk:} (35... Nh2+ 36. Kg2 Qe2+ 37. Qf2 (37. Kh1 Qf3+) (37. Kh3
Qf3+) 37... Qxf2+ 38. Kxf2 Ng4+ 39. Kf3 h5 $15 {For example:} 40. Bc2 {[%cal
Gc2f5,Yf5c8,Yc2e4]} (40. Kf4 Kf8 41. Bd1 {[%cal Gd1g4,Yd1f3]} Ke7 42. Bxg4 hxg4
43. Kxg4 Ke6) (40. a4 Kf8 41. a5 Ke7 42. Kf4 f6 43. exf6+ Kxf6 44. d5 g5+ 45.
Ke4 c5 $19) (40. e6 Kf8 $17) 40... f6 (40... Nh6 41. Be4) (40... g5 41. Bf5 $11
) 41. Be4 (41. e6 Kf8 42. Be4 Ke7 43. Bxc6 f5 (43... Kxe6 44. Be8 $11) 44. Bb7
(44. Kf4 Kf6 $17) 44... a5 45. Bc6 g5 46. Bxb5 Kxe6 47. Bc4+ Kd6 48. b4 axb4
49. cxb4 h4 50. a4 h3 51. a5 Ne3 $19) (41. Bg6 fxe5 42. Bxh5 Nf6 43. Bg6 exd4
44. cxd4 Kf8 $17) 41... fxe5 42. Bxc6 exd4 43. cxd4 b4 $17) 36. Ke2 Qe3+ 37.
Kf1 Qh3+ 38. Ke2 1/2-1/2

[Event "Riga Tal Memorial"]
[Site "Riga"]
[Date "1995.??.??"]
[Round "3"]
[White "Ivanchuk, Vassily"]
[Black "Short, Nigel D"]
[Result "1-0"]
[WhiteElo "2700"]
[BlackElo "2655"]
[Annotator "Ernst,T"]
[PlyCount "119"]
[EventDate "1995.04.??"]
[EventType "tourn"]
[EventRounds "11"]
[EventCountry "LAT"]
[EventCategory "17"]
[SourceTitle "CBM 047"]
[Source "ChessBase"]
[SourceDate "1995.08.01"]
[SourceVersion "1"]
[SourceVersionDate "1995.08.01"]
[SourceQuality "1"]

1. e4 {Dolmatov} e5 2. Nf3 Nc6 3. Bb5 a6 4. Ba4 Nf6 5. O-O Be7 6. Re1 b5 7. Bb3
O-O 8. c3 d5 9. exd5 Nxd5 10. Nxe5 Nxe5 11. Rxe5 c6 12. d4 Bd6 13. Re1 Qh4 14.
g3 Qh3 15. Be3 Bg4 16. Qd3 Rae8 17. Nd2 Re6 18. a4 bxa4 19. Rxa4 f5 20. Qf1 Qh5
(20... f4 {Dolmatov} 21. Qxh3 Bxh3 22. Rxa6 fxe3 23. fxe3 Be7 24. Rxc6 Rxc6 25.
Bxd5+ Re6 26. e4 Kh8 27. Bxe6 Bxe6 28. Kg2 $16) 21. Rxa6 (21. Bxd5 $6) (21. c4
$5 {Dolmatov} f4 22. cxd5 Rxe3 23. fxe3 fxg3 24. dxc6+ Kh8 25. hxg3 $13) (21.
f4 {Dolmatov} g5 $132) 21... f4 22. Bxf4 $1 $146 (22. Rxc6 $2 fxe3 23. Rxe3
Nxe3 24. Bxe6+ Bxe6 25. Qe1 Bd5 {0-1/Lilienthal-Hallier/corr 1965/} (25... Bd5
{Dolmatov} 26. Rxd6 Ng4 27. h4 Nxf2 $40)) (22. gxf4 $2 Rg6) 22... Bh3 23. Rxe6
$1 (23. Bxd5 $2 Qxd5 24. Qxh3 Rxe1+ 25. Nf1 Bxf4 $17) 23... Bxf1 24. Nxf1 Bxf4
25. Raxc6 (25. Rexc6 $6 {Dolmatov} Bxg3 (25... Qf3 $2 26. Rc5 Rf5 27. Rxd5 Rxd5
28. Ra5 $16) 26. Nxg3 Qf3 27. Bxd5+ Qxd5 $132) 25... Qf3 {[#]} (25... Bb8 $2
26. Ne3 Qf7 27. Rf6 $1 Nxf6 28. Bxf7+ Kxf7 $16) (25... Rb8 $2 26. Rb6 $1 $16) (
25... Bh6 $4 26. Re5 $18) (25... Bxg3 $6 {Dolmatov} 26. Nxg3 Qf3 27. Re2 Kh8
28. Bxd5 Qxd5 29. Rce6) 26. Bxd5 (26. gxf4 Rxf4 27. Re8+ $8 Kf7 28. Bxd5+ Qxd5
{[#] Black can force this position with 27..Rxf4 instead of 27..Qf3.} 29. Rcc8
(29. Rec8 Qf3 (29... h6 $2 {/\ 30..Qf3 31.R8c7+ Kg8 32.Rc8+ Kh7} 30. R8c7+ Kg8
31. Rg6 Rf7 32. Rxf7 Kxf7 33. Rb6 (33. Rg3 Qb3 $14) 33... Qg5+ 34. Ng3 h5 35.
Kf1 $16) 30. R8c7+ Kg8 31. Rc8+ Kf7 $10) 29... Kg6 $1 {/\ 30..Qf3, ><f2} (29...
Qd6 $2 30. Rf8+ Qxf8 31. Rxf8+ Kxf8 32. Ne3 $18) (29... Qf3 30. Rf8+ Ke7 31.
Rxf4 Qxf4 32. Ne3 $16) (29... Rg4+ 30. Ng3 h5 31. h3 Rg5 (31... Rg6 $4 32. Rf8+
Ke7 33. Rce8+ $18) 32. Rf8+ $1 (32. Rc5 Rxg3+ (32... Qxc5 33. dxc5 Kxe8 $10)
33. fxg3 Qf3 $10) 32... Kg6 33. Rc5 Qb3 34. Rxg5+ Kxg5 35. Rf5+ Kg6 36. Rxh5
Qxb2 37. Rc5 $18) 30. Re3 (30. Ng3 Qf3 (30... h5 $1 31. Rf8 Rxf8 32. Rxf8 Qb7
$10) 31. Re2 h5 32. Rce8 h4 33. R8e3 {/\ 34.Ne4} Qg4 34. Kg2 $1 (34. Kh1 Qh3 $1
$15)) 30... Qb7 $1 (30... Rg4+ $6 31. Ng3 h5 32. h3 $16 {/\ 33.Rc5}) 31. Rce8 (
31. Re6+ Kf7 (31... Kg5 $2 32. Rc5+ $40) 32. Rce8 Qxb2 33. R8e7+ $10) 31...
Qxb2 32. R8e6+ (32. f3 $5 $13) 32... Kf7 33. Re7+ Kg6 34. R7e6+ $10) 26... Qxd5
27. gxf4 {[#]} Qf3 (27... Rxf4 28. Re8+ Kf7 {- 26.gxf4}) 28. d5 (28. Ng3 $6
Rxf4 $1 (28... Qxf4 29. Re2) 29. Rc8+ Kf7 30. Re2 h5 $1 31. Rce8 h4 32. R8e3 $8
Qg4 33. f3 Qg6 {>< Ng3} 34. Re8 Qd3 $40) 28... h5 $6 (28... Rxf4 29. Rc8+ Kf7 (
29... Rf8 $2 30. Rxf8+ Kxf8 31. Ne3 $16) 30. Rc7+ Kg8 (30... Kf8 $10 {Dolmatov}
) 31. Rc8+ $10) 29. Rc4 h4 30. Rg6 (30. Ne3 $2 Ra8 $17) (30. Re3 {Dolmatov}
Qxd5 31. Rd4 Qb7 32. b4 $13) 30... Qd3 31. Rgc6 (31. Rcc6 $2 Rxf4 $17) 31...
Qxd5 (31... Qf3 32. Ne3 $1 $16) 32. Rc8 $16 h3 33. Ne3 Qd2 34. Kf1 (34. Rxf8+
$32 {Dolmatov} Kxf8 35. Kf1) 34... Qxb2 (34... Qc1+ $5 {Dolmatov} 35. Ke2 Qxb2+
36. Kf3 $2 Qb7+ 37. R8c6 Rf6 38. Nd5 Rxc6 $19) 35. Rxf8+ Kxf8 36. Rc8+ Kf7 37.
Rh8 Qxc3 38. Rxh3 $18 {[#]} Qd3+ 39. Ke1 Qe4 (39... Kg8 $5 {Dolmatov} 40. f5
Kf7 41. Rg3 $14) (39... g6 $5 {Dolmatov}) 40. Ke2 Kg8 41. f5 Kf7 42. Rg3 Qh1
43. h3 Qe4 44. Rg4 Qh1 45. h4 Qh2 46. Nf1 Qe5+ 47. Kf3 $1 Qd5+ 48. Re4 Qd1+ 49.
Kg2 Qd5 50. Ng3 Qc6 (50... g6 $5 {Dolmatov} 51. fxg6+ Kxg6 52. Kh3 $14) 51. Kh3
Qc2 52. f3 Qd1 53. Kg4 Qg1 54. Re6 Qd4+ 55. Ne4 Qd7 56. Ng5+ Kg8 57. Kh5 Qd8
58. Kg6 Qd7 59. h5 Qb5 60. Ne4 {[#]} (60. Ne4 {Dolmatov} Qa4 61. Nd6 $18) 1-0

[Event "New York Reshevsky"]
[Site "New York"]
[Date "1992.??.??"]
[Round "8"]
[White "Gurevich, Ilya"]
[Black "Benjamin, Joel"]
[Result "1/2-1/2"]
[WhiteElo "2510"]
[BlackElo "2570"]
[Annotator "Ernst,T"]
[PlyCount "81"]
[EventDate "1992.07.??"]
[EventType "tourn"]
[EventRounds "9"]
[EventCountry "USA"]
[EventCategory "12"]
[SourceTitle "CBM 031"]
[Source "ChessBase"]
[SourceDate "1992.12.01"]
[SourceVersion "1"]
[SourceVersionDate "1992.12.01"]
[SourceQuality "1"]

1. e4 e5 2. Nf3 Nc6 3. Bb5 a6 4. Ba4 Nf6 5. O-O Be7 6. Re1 b5 7. Bb3 O-O 8. c3
d5 9. exd5 Nxd5 10. Nxe5 Nxe5 11. Rxe5 c6 12. d4 Bd6 13. Re1 Qh4 14. g3 Qh3 15.
Be3 Bg4 16. Qd3 Rae8 17. Nd2 Qh5 18. a4 Re6 19. axb5 axb5 20. Qf1 (20. Nf1 Rfe8
21. Bd1 Bxd1 22. Qxd1 Qf5 23. Bd2 Rxe1 24. Bxe1 h5 25. h4 c5 26. Kg2 $1 cxd4
27. Qxd4 Re2 28. Ra8+ Kh7 29. Rd8 Rxe1 30. Rxd6 Nf6 31. Ne3 Qb1 32. Qf4 $16 {
Mazukewitsch-Bogdanow, corr 1983.}) (20. Nf1 Bf5 21. Qd2 Rfe8 {Ivanchuk,
V-Sokolov,I/Biel/1989/} 22. Bc2 $14) 20... Rfe8 (20... Bh3 21. Bd1 Qf5 22. Qe2
Rfe8 23. Nf3 Nf4 $1 24. Qd2 Ng2 $19 {Polewoi-Syrjanow, corr 1983.}) 21. Bxd5
Qxd5 22. h3 Bh5 23. Qg2 f5 24. Qxd5 cxd5 $44 25. Nf1 f4 26. Bd2 Rxe1 27. Rxe1
Rxe1 28. Bxe1 Be2 29. Nh2 Kf7 30. Kg2 Kf6 31. f3 h5 32. g4 g6 33. Nf1 hxg4 34.
hxg4 g5 35. Nd2 Bd1 36. Kf2 Ke6 37. Kf1 Kd7 38. Bf2 Bc7 39. Ke1 Bc2 40. Ke2 Ba5
41. Be1 1/2-1/2

[Event "Tilburg"]
[Site "Tilburg"]
[Date "1991.??.??"]
[Round "11"]
[White "Timman, Jan H"]
[Black "Short, Nigel D"]
[Result "1/2-1/2"]
[WhiteElo "2630"]
[BlackElo "2660"]
[Annotator "Ernst,T"]
[PlyCount "121"]
[EventDate "1991.10.??"]
[EventType "tourn"]
[EventRounds "14"]
[EventCountry "NED"]
[EventCategory "17"]
[SourceTitle "CBM 026"]
[Source "ChessBase"]
[SourceDate "1992.02.01"]
[SourceVersion "1"]
[SourceVersionDate "1992.02.01"]
[SourceQuality "1"]

1. e4 e5 2. Nf3 Nc6 3. Bb5 a6 4. Ba4 Nf6 5. O-O Be7 6. Re1 b5 7. Bb3 O-O 8. c3
d5 9. exd5 Nxd5 10. Nxe5 Nxe5 11. Rxe5 c6 12. d4 Bd6 13. Re1 Qh4 14. g3 Qh3 15.
Re4 g5 16. Qf3 Bf5 17. Bxd5 cxd5 18. Re3 Rad8 (18... Be4 19. Rxe4 dxe4 20. Qf6
Qg4 21. Qxg5+ Qxg5 22. Bxg5 $14) 19. Nd2 Rfe8 20. a4 b4 21. c4 dxc4 22. Nxc4
Bd3 23. Rxe8+ $2 (23. Nd2 $1 $14) 23... Rxe8 24. Ne3 Bf4 25. Qg2 Qh5 26. gxf4
Qd1+ $1 {Eine feine Abwicklungskombination, Schwarz gewinnt die Figur zurück
und steht etwas besser.} 27. Qf1 Qxf1+ 28. Nxf1 Re1 29. fxg5 b3 30. h4 Bxf1 31.
f3 Bc4+ 32. Kf2 Rf1+ 33. Kg2 Rd1 34. h5 a5 35. Kf2 f6 36. gxf6 Bd5 37. Ke2 Rh1
38. Kf2 Kf7 39. Kg2 Rd1 40. Kf2 Ke6 41. Ke2 Rh1 42. Kf2 Kd7 43. h6 Kc6 44. Ke2
Bc4+ 45. Kf2 Rd1 46. Kg2 Kd7 47. Kf2 Bd5 48. Ke2 Rh1 49. Kf2 Ke6 50. Kg2 Rd1
51. Kf2 Kf5 52. Ke2 Rh1 53. Kf2 Bc4 54. Kg2 Rd1 55. Kf2 Kg6 56. Kg2 Re1 57. Kf2
Re2+ 58. Kg3 Kxf6 59. d5 Bxd5 60. Rb1 Be6 61. Bf4 (61. Bf4 Bf5 62. Rc1 Rxb2 63.
Rc6+ Kf7 64. Rb6 $10) 1/2-1/2

[Event "EU-chT (Men) 10th"]
[Site "Debrecen"]
[Date "1992.11.??"]
[Round "8.2"]
[White "Ernst, Thomas"]
[Black "Sokolov, Ivan"]
[Result "1/2-1/2"]
[WhiteElo "2535"]
[BlackElo "2630"]
[Annotator "Ernst,T"]
[PlyCount "71"]
[EventDate "1992.11.20"]
[EventType "team-swiss"]
[EventRounds "9"]
[EventCountry "HUN"]
[SourceTitle "EU-chT"]
[Source "ChessBase"]
[SourceDate "1999.07.01"]
[SourceVersion "2"]
[SourceVersionDate "1999.07.01"]
[SourceQuality "1"]
[WhiteTeam "Sweden"]
[BlackTeam "Bosnia&Herzegovina"]
[WhiteTeamCountry "SWE"]
[BlackTeamCountry "BIH"]

1. e4 e5 2. Nf3 Nc6 3. Bb5 a6 4. Ba4 Nf6 5. O-O Be7 6. Re1 b5 7. Bb3 O-O 8. c3
d5 9. exd5 Nxd5 10. Nxe5 Nxe5 11. Rxe5 c6 12. Re1 Bd6 13. g3 Bb7 14. d3 Qd7 15.
Nd2 c5 16. Ne4 Be7 17. Bg5 f6 18. Bd2 (18. c4 fxg5 19. cxd5 Bxd5 $10) 18... Kh8
19. Qh5 f5 (19... Rae8 $5 $13 {/\} 20. c4 Nb4) 20. Ng5 Bxg5 21. Bxg5 Qc6 (21...
f4 $6 22. Re5 $1) 22. f3 (22. Qf3 $6 c4 23. dxc4 bxc4 24. Bc2 $2 (24. Bd1)
24... Qg6 25. Bd2 Nb4 $1) 22... c4 23. Bc2 b4 24. dxc4 Qxc4 25. Re5 Nxc3 (25...
bxc3 $2 26. Rxf5 $18) 26. Bxf5 (26. Rxf5 $2 Ne2+) (26. bxc3 Qxc3) 26... Rxf5
27. Rxf5 Ne2+ 28. Kh1 (28. Kg2 $2 Qc2) 28... g6 (28... Nd4 $2 29. Qf7 $1) (
28... Kg8 $3 {Andersson} 29. b3 (29. Be3 g6 30. Qg5 Qe4 $3 $19) 29... Qe6 30.
Qg4 g6 $1 31. Rf8+ Kxf8 32. Qxe6 Bxf3#) 29. Qh6 (29. Bf6+ $2 Kg8 30. Qh6 Qf7
$19) 29... Kg8 30. Rf6 Qd3 31. Kg2 (31. Be3 $1 Re8 (31... Nd4 $2 32. Bxd4 Bxf3+
33. Rxf3 $18) 32. Kg2 $1 $16 {/\} Nd4 33. Bxd4 Qxd4 34. Re1 $1 Qxb2+ 35. Kh3
Bc8+ 36. g4 Bxg4+ 37. Kg3 $1 $18) 31... Nd4 32. Rf1 Nxf3 33. R6xf3 Qe2+ 34. Kg1
Bxf3 35. Rf2 Qd1+ 36. Rf1 1/2-1/2

[Event "Minsk Boleslavsky Memorial"]
[Site "Minsk"]
[Date "1994.??.??"]
[Round "7"]
[White "Luther, Thomas"]
[Black "Kovalev, Andrei"]
[Result "1/2-1/2"]
[WhiteElo "2515"]
[BlackElo "2530"]
[Annotator "Ernst,T"]
[PlyCount "89"]
[EventDate "1994.02.??"]
[EventType "tourn"]
[EventRounds "11"]
[EventCountry "BLR"]
[EventCategory "10"]
[SourceTitle "CBM 042"]
[Source "ChessBase"]
[SourceDate "1994.10.01"]
[SourceVersion "1"]
[SourceVersionDate "1994.10.01"]
[SourceQuality "1"]

1. e4 e5 2. Nf3 Nc6 3. Bb5 a6 4. Ba4 Nf6 5. O-O Be7 6. Re1 b5 7. Bb3 O-O 8. c3
d5 9. exd5 Nxd5 10. Nxe5 Nxe5 11. Rxe5 c6 12. d4 Bd6 13. Re1 Qh4 14. g3 Qh3 15.
Be3 Be6 16. Nd2 Rae8 17. Qf3 f5 18. Bf4 $6 (18. Qg2 Qh5 19. Bd1 Qf7 20. Nf3 f4
21. Bd2 Qd7 22. Ng5 Bf5 23. Bf3 Bc7 24. g4 Bg6 25. Ne4 $16 {Gligoric-Nyman/
Stockholm/1954/}) 18... Bxf4 19. gxf4 Qh6 (19... Qxf3 20. Nxf3 Nxf4 21. Bxe6+
Rxe6 22. Rxe6 Nxe6 23. Ne5 $14 (23. a4 b4 24. Ne5 bxc3 25. bxc3 c5 26. d5 Nf4
27. c4 $14)) 20. Kh1 (20. Nf1 Nxf4 21. Bxe6+ {Frolov-Jurtaev/Helsinki/1992/}
Nxe6 22. Qxc6 Nxd4 23. Qxh6 Nf3+ 24. Kh1 gxh6 $10 {Frolov}) 20... Qxf4 21. Qxf4
Nxf4 22. Bxe6+ Nxe6 23. Nf3 c5 $1 24. a4 cxd4 25. Nxd4 Nxd4 26. cxd4 Rxe1+ 27.
Rxe1 bxa4 28. Ra1 Rb8 29. Rxa4 Rxb2 30. Kg2 Rb6 $15 31. Ra5 g6 32. Kf3 Kf7 33.
Ke3 Ke6 34. h4 h6 35. d5+ Kd6 36. f4 h5 37. Kd3 Rb5 38. Rxa6+ Kxd5 39. Rxg6 $10
Rb3+ 40. Ke2 Ke4 41. Rg5 Kxf4 42. Rxh5 Ke4 43. Rh6 Rb2+ 44. Kf1 f4 45. Ra6
1/2-1/2